000 00724cam a22002413a 4500
001 18547
003 PGUSA
005 20140828083408.0
008 060610s2006||||xxu|||||s|||||000 1 eng d
040 _aPGUSA
_beng
042 _adc
050 4 _aPR
100 1 _aPearce, Charles Edward,
_d-1924
245 1 0 _aMadame Flirt :
_bA Romance of 'The Beggar's Opera'
_h[electronic resource] /
_cCharles Edward Pearce
260 _bProject Gutenberg,
_c2006
506 _aPublic domain in the USA.
516 _aElectronic text
653 _aFenton, Lavinia, 1708-1760 -- Fiction
653 _aBallad opera -- Fiction
830 0 _aProject Gutenberg
_v18547
856 4 0 _uhttp://www.gutenberg.org/ebooks/18547
942 _cEB
999 _c247802
_d247802